000 00578nam a2200157Ia 4500
008 151213s9999 xx 000 0 und d
020 _a984-410-440-8
100 _aসাইমন জাকারিয়া।
245 _aসেলিম আল দীন রচনাসমগ্র । ১
_cসাইমন জাকারিয়া।
260 _aঢাকা
_bমাওলা ব্রাদার্স
_c2005
300 _a8434 p.
650 _aBangla
650 _aBengali Literature
700 _aসাইমন জাকারিয়া।
999 _c4272
_d4272